North-American Interfraternity Conference - Statistics

General Stats
  • This quiz has been taken 6 times
  • The average score is 16 of 76
Answer Stats
Answer % Correct
Sigma Alpha Epsilon
75%
Sigma Phi
75%
Tau Kappa Epsilon
75%
Alpha Epsilon Pi
50%
Beta Theta Pi
50%
Delta Chi
50%
Delta Tau Delta
50%
Delta Upsilon
50%
Kappa Alpha Order
50%
Lambda Chi Alpha
50%
Phi Kappa Psi
50%
Phi Kappa Tau
50%
Pi Kappa Alpha
50%
Pi Kappa Phi
50%
Sigma Alpha Mu
50%
Sigma Chi
50%
Sigma Nu
50%
Sigma Phi Epsilon
50%
Sigma Pi
50%
Theta Chi
50%
Theta Xi
50%
Zeta Beta Tau
50%
Alpha Gamma Rho
25%
Alpha Phi Alpha
25%
Alpha Tau Omega
25%
Chi Phi
25%
Delta Kappa Epsilon
25%
Delta Sigma Phi
25%
Kappa Delta Rho
25%
Phi Gamma Delta
25%
Phi Kappa Sigma
25%
Phi Kappa Theta
25%
Phi Sigma Kappa
25%
Pi Lambda Phi
25%
Sigma Tau Gamma
25%
Tau Epsilon Phi
25%
Triangle
25%
Acacia
0%
Alpha Chi Rho
0%
Alpha Delta Gamma
0%
Alpha Delta Phi
0%
Alpha Gamma Sigma
0%
Alpha Kappa Lambda
0%
Alpha Phi Delta
0%
Alpha Sigma Phi
0%
Beta Chi Theta
0%
Beta Sigma Psi
0%
Chi Psi
0%
Delta Epsilon Psi
0%
Delta Lambda Phi
0%
Delta Phi
0%
Delta Psi
0%
FarmHouse
0%
Iota Nu Delta
0%
Iota Phi Theta
0%
Kappa Alpha Psi
0%
Kappa Alpha Society
0%
Kappa Delta Phi
0%
Lambda Phi Epsilon
0%
Lambda Sigma Upsilon
0%
Lambda Theta Phi
0%
Nu Alpha Kappa
0%
Omega Delta Phi
0%
Phi Beta Sigma
0%
Phi Iota Alpha
0%
Phi Lambda Chi
0%
Phi Mu Delta
0%
Phi Sigma Phi
0%
Psi Upsilon
0%
Sigma Beta Rho
0%
Sigma Lambda Beta
0%
Sigma Phi Delta
0%
Tau Delta Phi
0%
Tau Phi Sigma
0%
Theta Delta Chi
0%
Zeta Psi
0%
No matching quizzes found
Score Distribution
Percent of People with Each Score
Percentile by Number Answered
Your Score History
You have not taken this quiz